e-Business for the Oracle DBA

Enregistré dans:
Détails bibliographiques
Auteur principal: Meghraj Thakkar
Format: Livre
Langue:Undetermined
Publié: Indianapolis, Indiana SAMs 2002
Sujets:
Tags: Ajouter un tag
Pas de tags, Soyez le premier à ajouter un tag!
Thư viện lưu trữ: Trung tâm Học liệu Trường Đại học Cần Thơ
LEADER 00585nam a2200205Ia 4500
001 CTU_57249
008 210402s9999 xx 000 0 und d
020 |b 640000 
082 |a 005.75 
082 |b T365 
100 |a Meghraj Thakkar 
245 0 |a e-Business for the Oracle DBA 
245 0 |c Meghraj Thakkar 
260 |a Indianapolis, Indiana 
260 |b SAMs 
260 |c 2002 
650 |a client/server computing,database management,oracle ( computer programs ) 
650 |x computer programs 
904 |i Minh 
980 |a Trung tâm Học liệu Trường Đại học Cần Thơ